Evaluación inicial de riesgos por puestos de trabajo en la Empresa Materiales de Construcción El Halcón, Sucursal Carretera Norte
El presente estudio es una evaluación inicial de riesgos por puestos de trabajo en la empresa Materiales de construcción El Halcón carretera Norte. Este estudio se basó en la implementación de una propuesta de plan de acción para los riesgos que no han sido controlados en la empresa.
| Main Authors: | , |
|---|---|
| Other Authors: | |
| Format: | Tesis Section = Libro |
| Language: | Undetermined Spanish |
| Published: |
Managua
UNI
2023
|
| Subjects: |
| LEADER | 01209nam a2200277Ia 4500 | ||
|---|---|---|---|
| 008 | 240830s9999 xx 000 0 und d | ||
| 040 | |a BIBLIOTECA-RUPAP/ Mon 363.11 Q 8 | ||
| 041 | |a spa | ||
| 082 | |a Mon 363.11 Q 8 | ||
| 100 | 1 | |a Quiroz Urbina, Amy Xiomara | |
| 100 | 1 | |b Torres García, Olman Yamil | |
| 245 | 1 | 0 | |a Evaluación inicial de riesgos por puestos de trabajo en la Empresa Materiales de Construcción El Halcón, Sucursal Carretera Norte |
| 260 | |a Managua |b UNI |c 2023 | ||
| 300 | |a 210 p.: il. | ||
| 500 | |a Contiene: anexos y CD. | ||
| 502 | |a Tesis (Ingeniero Industrial) - UNI, 2023. | ||
| 520 | 3 | |a El presente estudio es una evaluación inicial de riesgos por puestos de trabajo en la empresa Materiales de construcción El Halcón carretera Norte. Este estudio se basó en la implementación de una propuesta de plan de acción para los riesgos que no han sido controlados en la empresa. | |
| 650 | 7 | |a EVALUACION DE RIESGOS | |
| 650 | 7 | |b SEGURIDAD INDUSTRIAL | |
| 650 | 7 | |c SEGURIDAD OCUPACIONAL | |
| 650 | 7 | |d ACCIDENTES LABORALES | |
| 650 | 7 | |e AMBIENTE DE TRABAJO. | |
| 700 | 1 | |a Tutor: |b Silvestri Jirón, Pietro Marcelo | |
| 942 | |c BK |2 ddc | ||
| 991 | |a Tesis | ||
| 999 | |c 27560 | ||